000 00679cam a2200229 a 4500
008
020 _a0470848618 (hbk.)
049 _aMAIN
090 _aQA614.86
_bFAL
100 _a Falconer, K. J.
245 0 _aFractal geometry :
_bmathematical foundations and applications /
_cKenneth Falconer.
260 _aNew York :
_bWiley,
_c2003.
300 _axxvii, 337 p. :
_bill. ;
_c23 cm.
504 _aIncludes bibliographical references.
500 _aIncludes index
650 _aFractals.
907 _a.b10296955
_b12-04-12
_c23-05-11
003
005 20230123125257.0
040 _cNUST
942 _cBOOKS
_kQA614.86
_mFAL
999 _c138751
_d138751